Six islands in the sun. : Zes eilanden in de zon: Aruba, Bonaire, Curacao, Saba, St. Eustatius, St. Maarten /

Bibliographic Details
Main Author: Hermans, Hans
Other Authors: Gielen, Richard
Format: Book
Language:English
Dutch
Published: Aruba : De Wit, [between 1960 and 1969?]
Subjects:

MARC

Tag First Indicator Second Indicator Subfields
LEADER 00000cam a2200000 4500
001 in00000257607
005 20151010053652.0
008 771116q19601969na a 00010 eng d
035 |a (OCoLC)03423677 
035 |9 ABC5325AM 
040 |a OCP  |c OCP  |d TXA  |d UtOrBLW 
041 0 |a eng  |a dut 
049 |a TXAM  |c [665014] 
090 |a F2141  |b .H44 
100 1 |a Hermans, Hans. 
245 1 0 |a Six islands in the sun. :  |b Zes eilanden in de zon: Aruba, Bonaire, Curacao, Saba, St. Eustatius, St. Maarten /  |c Foto's: Richard Gielen. 
264 1 |a Aruba :  |b De Wit,  |c [between 1960 and 1969?] 
300 |a 178 pages :  |b photographs 
336 |a text  |b txt  |2 rdacontent 
337 |a unmediated  |b n  |2 rdamedia 
338 |a volume  |b nc  |2 rdacarrier 
500 |a In Dutch and English. 
651 0 |a Netherlands Antilles  |x Description and travel. 
700 1 |a Gielen, Richard. 
740 0 |a Zes eilanden in de zon. 
999 |a MARS 
999 f f |s d4349ab6-d21e-32c3-afa4-02437c72bddd  |i 01ef4833-31cc-3932-92a3-2fcc399c9c9e  |t 0 
952 f f |p normal  |a Texas A&M University  |b College Station  |c Sterling C. Evans Library  |d Evans: Library Stacks  |t 0  |e F2141 .H44  |h Library of Congress classification  |i unmediated -- volume  |m A14802361912 
998 f f |a F2141 .H44  |t 0  |l Evans: Library Stacks